000 00478nam a2200181Ia 4500
001 20734
005 20260306172827.0
008 260306t2001||||xx |||||||||||||| ||spa||
041 _aESP
082 _a343.7
_bU61
100 _aUniversidad Nacional Federico Villarreal
_eAUT
245 0 _aLey del procedimiento administrativo general:
_bley N° 27444
260 _c2001
300 _a117 páginas :
_c21 cm.
650 _aGEN
654 _aCDE
942 _cLIB
_dJUS
_fJUS
_2ddc
_n
999 _c20734
_d20734